00979nam a22001457a 4500008004100000020001500041082002000056100001900076245008100095260002600176300002400202505048200226650010700708700001800815150327b xxu||||| |||| 00| 0 eng d a3907622537 a720.949.4bO55a aOmlin, Sibylle aArte de SuizabCreacion artistica y sistema artistico en los siglos XIX y XX aSuizabTypotronc2003 a175 pbill. c21 cm t1. ¿Qué es el arte suizo?t2. ¿Una patria o ninguna? Rumbo a la nación, rumbo a un arte suizot3. La nueva vida. Entre la vanguardia y el arte al servicio de la patria.t4. Malestar/bienestar en un país pequeño. Regionalismo e internacionalismo después de la segunda guerra mundial.tVista libre sobre el mediterraneo-El arte suizo de hoy. Entregas, urbanistas y teamplayers.tArte y esfera pública: condiciones e instituciones de la recepción del arte en Suiza xSuiza-Producción de artexHistoria 1800-2000-arquitecturaxSuiza-mercado del arte-historia 1800-2000 aSibylle Omlin